000 00858nam a2200229 a 4500
001 000039779
005 20240226142655.0
008 130725s19uu dr a 000 0 spa d
040 _aDO-SdBNP
_bspa
_cBNPHU
082 _a305.8
_bC322e
100 1 _aCartagena Portalatín, Aída,
_d1918-1994
_923557
245 1 0 _aEstudio etnológico remanentes negros en el culto del Espiritu Santo de Villa Mella :
_bAporte preliminar /
_cAida Cartagena Portalatín.
260 _aSanto Domingo :
_bUniversidad Autónoma de Santo Domingo,
_c[19uu].
300 _a76 p. :
_bil. ;
_c20 cm.
490 1 _aBaluarte
_v16
490 1 _aBrigadas dominicanas
650 4 _aEtnología
_92825
650 4 _aCulto
_zRepública Dominicana
_965974
650 4 _aRitos y ceremonias
_zRepública Dominicana
_965975
830 0 _aBrigadas dominicanas
_965976
830 0 _aBaluarte
_v16
_935758
999 _c39269
_d39269